[Event "Lichtenberger Sommer 2023"]
[Site "Berlin"]
[Date "2023.08.19"]
[Round "8.10"]
[White "Zackrisson, Peter"]
[Black "Böddeker, Henry"]
[Result "0-1"]
[WhiteElo "2204"]
[BlackElo "2063"]
[PlyCount "80"]
[EventDate "2023.??.??"]
[WhiteTeam "USV Potsdam e.V., Abt. Schach"]
[BlackTeam "SF Berlin 1903 e.V."]

1. e4 c5 2. Nf3 Nc6 3. d4 cxd4 4. Nxd4 Nf6 5. Nc3 e5 6. Ndb5 d6 7. Nd5 Nxd5 8.
exd5 Nb8 9. c4 Be7 10. Be2 O-O 11. O-O a6 12. Nc3 f5 13. f4 Nd7 14. Kh1 Bf6 15.
Qc2 g6 16. Rb1 exf4 17. Bxf4 Ne5 18. b4 Qc7 19. c5 dxc5 20. Na4 c4 21. d6 Qxd6
22. Bxc4+ Kh8 23. Nc5 g5 24. Rbd1 Qc7 25. Bxe5 Bxe5 26. Qb3 Bxh2 27. Ne6 Bxe6
28. Bxe6 Rad8 29. Rxd8 Rxd8 30. Bxf5 Bf4 31. Rd1 Re8 32. Qh3 Rf8 33. Be4 Qe7
34. Qc3+ Be5 35. Qh3 Qf7 36. g3 Qc7 37. Kg2 g4 38. Qh6 Qf7 39. Rd2 Qf1+ 40. Kh2
Rf2+ 0-1

[Event "Lichtenberger Sommer 2023"]
[Site "Berlin"]
[Date "2023.08.19"]
[Round "8.11"]
[White "Federau, Jürgen"]
[Black "Petersen, Soren Boeck"]
[Result "1-0"]
[WhiteElo "2054"]
[BlackElo "2179"]
[PlyCount "105"]
[EventDate "2023.??.??"]
[WhiteTeam "SC Kreuzberg e.V."]
[BlackTeam "vereinslos"]

1. Nf3 d5 2. e3 Nf6 3. d4 e6 4. Bd3 Be7 5. O-O O-O 6. b3 b6 7. Bb2 Bb7 8. c4
Nbd7 9. Nbd2 Ne4 10. Rc1 Ndf6 11. Qe2 Nxd2 12. Qxd2 c5 13. Qe2 Rc8 14. Rfd1 Rc7
15. dxc5 bxc5 16. cxd5 exd5 17. e4 d4 18. Qc2 Ne8 19. Re1 Rc8 20. Qe2 Nc7 21.
Rcd1 Ne6 22. Bc1 Qc7 23. g3 Rfe8 24. Nd2 Bf8 25. Nc4 g6 26. h4 h5 27. Bd2 Kh7
28. Ba5 Qe7 29. e5 Qd7 30. Qxh5+ Kg8 31. Qg4 Qc6 32. Be4 Qa6 33. Bxb7 Qxb7 34.
Qe4 Qd7 35. Qg4 Kg7 36. h5 Be7 37. Bd2 Rh8 38. h6+ Kh7 39. Kg2 Qd5+ 40. f3 Rhf8
41. Qe4 Qxe4 42. Rxe4 g5 43. Rh1 Kg6 44. Ree1 Rh8 45. f4 Bf8 46. f5+ Kxf5 47.
Rhf1+ Kg4 48. Rf6 Be7 49. Rxf7 Rce8 50. h7 Nf8 51. Rh1 Bd8 52. Rh6 Re7 53. Rxf8
1-0

[Event "Lichtenberger Sommer 2023"]
[Site "Berlin"]
[Date "2023.08.19"]
[Round "8.12"]
[White "Hommel, Niclas"]
[Black "Nöldner, Julian"]
[Result "1/2-1/2"]
[WhiteElo "2043"]
[BlackElo "2175"]
[PlyCount "66"]
[EventDate "2023.??.??"]
[WhiteTeam "TSG Oberschöneweide e.V."]
[BlackTeam "SF Nordost Berlin"]

1. e4 c6 2. Nf3 d5 3. Nc3 dxe4 4. Nxe4 Nf6 5. Qe2 Nxe4 6. Qxe4 Qd5 7. Qh4 Qf5
8. Bd3 Qg4 9. Qg3 g6 10. Qc7 Bg7 11. O-O Qd7 12. Qxd7+ Nxd7 13. Re1 Nc5 14. Bf1
Bg4 15. Ne5 Bf5 16. d4 Nd7 17. Nxd7 Bxd7 18. c3 Be6 19. Bf4 O-O 20. Be5 Rfd8
21. Bxg7 Kxg7 22. Re5 Rd5 23. f4 Rad8 24. Rae1 Kf8 25. Kf2 b6 26. b3 a5 27. g3
a4 28. Bc4 Rxe5 29. fxe5 axb3 30. Bxe6 fxe6 31. axb3 Ra8 32. Re2 Ra1 33. Ke3
Ra3 1/2-1/2

[Event "Lichtenberger Sommer 2023"]
[Site "Berlin"]
[Date "2023.08.19"]
[Round "8.13"]
[White "Verbitsky, Jaroslaw"]
[Black "Kohler, Thomas"]
[Result "1/2-1/2"]
[WhiteElo "1901"]
[BlackElo "2172"]
[PlyCount "99"]
[EventDate "2023.??.??"]
[WhiteTeam "SV Mattnetz Berlin e.V."]
[BlackTeam "SC Zitadelle Spandau 1977 e.V."]

1. e4 c5 2. Nf3 e6 3. g3 d5 4. exd5 exd5 5. d4 Nf6 6. Bg2 Bd6 7. O-O O-O 8.
dxc5 Bxc5 9. Nc3 Nc6 10. a3 Bf5 11. b4 Be7 12. Bb2 Rc8 13. Ne2 Ne4 14. Nf4 Bf6
15. Bxf6 Nxf6 16. Re1 h6 17. h4 a6 18. Re2 Rc7 19. Rd2 Rd7 20. Nd4 Bh7 21. Bh3
Rd6 22. Nxc6 bxc6 23. f3 g5 24. hxg5 hxg5 25. Nd3 g4 26. Bxg4 Nxg4 27. fxg4
Bxd3 28. Rxd3 Qg5 29. c4 Re8 30. cxd5 Rxd5 31. Rxd5 cxd5 32. Ra2 Re4 33. Qf3
Rxg4 34. Kh2 Re4 35. Rf2 Qh6+ 36. Kg2 Qe6 37. Qh5 Re5 38. Qd1 Re3 39. Rf3 Re2+
40. Kf1 Rh2 41. Qd3 Rh1+ 42. Kg2 Qh3+ 43. Kf2 Qh2+ 44. Ke3 Re1+ 45. Kd4 Qg1+
46. Kc3 d4+ 47. Kc4 Rc1+ 48. Kd5 Rc3 49. Qf5 Rxf3 50. Qg5+ 1/2-1/2

[Event "Lichtenberger Sommer 2023"]
[Site "Berlin"]
[Date "2023.08.19"]
[Round "8.14"]
[White "Beyer, Lorenz"]
[Black "Bui, Bao Anh Le"]
[Result "1/2-1/2"]
[WhiteElo "1994"]
[BlackElo "2162"]
[PlyCount "79"]
[EventDate "2023.??.??"]
[WhiteTeam "Barnimer SF im SV Sta"]
[BlackTeam "SV Mattnetz Berlin e.V."]

1. d4 d5 2. Bf4 c5 3. e3 Nc6 4. c3 Nf6 5. Nf3 Qb6 6. Qc2 Nh5 7. Bg3 g6 8. Nbd2
Bg7 9. Be2 Nxg3 10. hxg3 Bf5 11. dxc5 Qxc5 12. Qb3 O-O 13. Nd4 Bc8 14. O-O e5
15. N4f3 h6 16. Rfd1 Be6 17. Qb5 Qxb5 18. Bxb5 a6 19. Ba4 b5 20. Bc2 b4 21. Ba4
Rfc8 22. Rac1 bxc3 23. Rxc3 Nb4 24. Bb3 a5 25. a3 Rxc3 26. bxc3 Nd3 27. e4 dxe4
28. Bxe6 exf3 29. Bd5 Rc8 30. Ne4 Nb2 31. Rb1 Na4 32. Bxf7+ Kf8 33. c4 Nc3 34.
Nxc3 Kxf7 35. Ne4 Bf8 36. Rb7+ Ke6 37. Rb6+ Kf7 38. Rb7+ Ke6 39. Rb6+ Kf7 40.
Rb7+ 1/2-1/2

[Event "Lichtenberger Sommer 2023"]
[Site "Berlin"]
[Date "2023.08.19"]
[Round "8.15"]
[White "Polatel, Ali"]
[Black "Bezhenar, Georgy"]
[Result "1-0"]
[WhiteElo "2154"]
[BlackElo "1833"]
[PlyCount "145"]
[EventDate "2023.??.??"]
[WhiteTeam "SC Zugzwang 95 e.V."]
[BlackTeam "SC Kreuzberg e.V."]

1. Nf3 Nf6 2. b3 g6 3. Bb2 Bg7 4. g3 b6 5. Bg2 Bb7 6. O-O c5 7. c4 O-O 8. d4
cxd4 9. Qxd4 d6 10. Rd1 Nbd7 11. Qc3 Rc8 12. Qe1 Nc5 13. Nc3 Nce4 14. Bh3 Rc5
15. Nxe4 Bxe4 16. Nd2 Bb7 17. Rac1 (17. Qf1 Bc8 18. Bxc8 Qxc8 19. Nf3 Ne4 20.
Bxg7 Kxg7 21. Qg2 f5 22. e3 g5 23. Nd4 g4 24. f4 e5) 17... Rh5 18. Qf1 Bc8 19.
Bxc8 Qxc8 20. Nf3 Ne4 21. Bxg7 Kxg7 22. Qg2 f5 23. e3 g5 24. Nd4 g4 25. f4 e5
26. Ne2 Qc5 27. Rd3 Nd2 28. Nd4 exd4 29. Qxd2 dxe3 30. Qc3+ Kg8 31. b4 Qc6 32.
Rxe3 Re8 33. Rce1 Re4 34. Rxe4 fxe4 35. Qd4 d5 36. cxd5 Qc2 37. Qf2 Qxf2+ 38.
Kxf2 Rxh2+ 39. Ke3 Rg2 40. Kxe4 Rxg3 41. Rc1 Rg2 42. Rc7 Rd2 43. Rxa7 g3 44.
Ra3 g2 45. Rg3+ Kf7 46. Kf3 Rxa2 47. Rxg2 Ra4 48. Rb2 Ke7 49. Ke4 Kd6 50. Kd4
Ra1 51. Rh2 Rd1+ 52. Kc4 b5+ 53. Kxb5 Rxd5+ 54. Kb6 h5 55. b5 Kd7 56. Ka6 Kc8
57. b6 Rd4 58. f5 h4 59. Ra2 Kb8 60. Re2 Ra4+ 61. Kb5 Rf4 62. Kc6 Rc4+ 63. Kd5
Rb4 64. f6 Rf4 65. Ke6 h3 66. f7 Kb7 67. Ke7 h2 68. Rxh2 Re4+ 69. Kf8 Kxb6 70.
Rh8 Kc7 71. Kg7 Rg4+ 72. Kf6 Rf4+ 73. Ke6 1-0

[Event "Lichtenberger Sommer 2023"]
[Site "Berlin"]
[Date "2023.08.19"]
[Round "8.16"]
[White "Heerde, Thomas"]
[Black "Hess, Christian"]
[Result "0-1"]
[WhiteElo "1956"]
[BlackElo "2210"]
[PlyCount "112"]
[EventDate "2023.??.??"]
[WhiteTeam "SK Zehlendorf e.V."]
[BlackTeam "FC ST.Pauli 1910 eV SAbt"]

1. e4 e6 2. d3 c5 3. g3 Nc6 4. Bg2 g6 5. Nf3 Bg7 6. O-O Nge7 7. c3 e5 8. a3 O-O
9. b4 d6 10. Be3 b6 11. Qd2 Bb7 12. Bh6 Qd7 13. h4 a5 14. b5 Nd8 15. Bxg7 Kxg7
16. a4 Ne6 17. Na3 f5 18. Rfe1 f4 19. d4 cxd4 20. cxd4 fxg3 21. fxg3 Rxf3 22.
Bxf3 Nxd4 23. Bd1 d5 24. Qg5 Qd6 25. exd5 Nef5 26. Rc1 h6 27. Qg4 Bxd5 28. Rc3
h5 29. Qg5 Rf8 30. Bxh5 Rf6 31. Rec1 Ne6 32. Qg4 Ned4 33. Nc2 Nxc2 34. R1xc2
Nd4 35. Rc7+ Bf7 36. Rd7 Nf3+ 37. Qxf3 Qxd7 38. Qe2 Qd4+ 39. Kh2 gxh5 40. Rd2
Qc5 41. Rc2 Qd4 42. Rd2 Qc3 43. Rc2 Qa1 44. Qe3 Qd4 45. Qg5+ Rg6 46. Qf5 Qe3
47. Rg2 Be6 48. Qc2 Qc5 49. Qe4 Qd5 50. Qc2 Rf6 51. Qc7+ Kg6 52. Qc1 e4 53. Qe3
Rf1 54. Re2 Qe5 55. Qxe4+ Qxe4 56. Rxe4 Bd5 0-1

[Event "Lichtenberger Sommer 2023"]
[Site "Berlin"]
[Date "2023.08.19"]
[Round "8.17"]
[White "Jahn, Thomas"]
[Black "Dreke, Frank"]
[Result "1-0"]
[WhiteElo "2173"]
[BlackElo "1946"]
[PlyCount "89"]
[EventDate "2023.??.??"]
[WhiteTeam "SV Empor Berlin e.V."]
[BlackTeam "SV Mattnetz Berlin e.V."]

1. e4 c5 2. Nf3 e6 3. d4 cxd4 4. Nxd4 a6 5. Nc3 Qc7 6. Be3 b5 7. Bd3 Bb7 8. O-O
Nf6 9. a3 Nc6 10. Nxc6 dxc6 11. f4 c5 12. e5 Nd5 13. Nxd5 Bxd5 14. c3 Qb7 15.
Qe2 c4 16. Bc2 g6 17. Bd4 h5 18. Rad1 Be7 19. Rd2 a5 20. Qe3 a4 21. Bc5 Bxc5
22. Qxc5 Qa7 23. Qxa7 Rxa7 24. Rfd1 Ke7 25. Kf2 Rc8 26. g3 Rac7 27. Rd4 Bc6 28.
Ke3 Rd7 29. Rd6 Rcd8 30. Rxd7+ Bxd7 31. Be4 Be8 32. Rxd8 Kxd8 33. Kd4 Kc7 34.
Kc5 Bd7 35. Bf3 Be8 36. h4 Bd7 37. g4 hxg4 38. Bxg4 Bc6 39. h5 gxh5 40. Bxh5
Be8 41. f5 Kd7 42. f6 Kc7 43. Kd4 Kc6 44. Ke3 Kc5 45. Kf4 1-0

[Event "Lichtenberger Sommer 2023"]
[Site "Berlin"]
[Date "2023.08.19"]
[Round "8.18"]
[White "Guenther, Thomas"]
[Black "Niehaus, Frank"]
[Result "1-0"]
[WhiteElo "1945"]
[BlackElo "2145"]
[PlyCount "119"]
[EventDate "2023.??.??"]
[WhiteTeam "vereinslos"]
[BlackTeam "SK König Tegel 1949 e.V."]

1. d4 Nf6 2. Nf3 g6 3. c4 Bg7 4. Nc3 d6 5. e4 O-O 6. Be2 Nbd7 7. O-O e5 8. d5
Nc5 9. Qc2 a5 10. Bg5 h6 11. Be3 Ne8 12. Nd2 f5 13. exf5 gxf5 14. f4 e4 15. Nb3
Nxb3 16. Qxb3 Kh7 17. c5 Rg8 18. cxd6 cxd6 19. Na4 Bd7 20. Nb6 Rb8 21. Rac1 Nf6
22. Qc4 Qe8 23. Qc7 Bb5 24. Rfe1 Bxe2 25. Rxe2 Qh5 26. Ree1 Ng4 27. h3 Nxe3 28.
Rxe3 Kh8 29. Qc4 Qh4 30. Rf1 Qf6 31. Rd1 Qh4 32. Rf1 Bxb2 33. Kh2 Qe7 34. Rb1
Qg7 35. Qe2 Bd4 36. Ra3 Rbe8 37. Nc4 Bc5 38. Rab3 b6 39. a4 Ref8 40. Rd1 Rf6
41. g3 Rg6 42. Qe1 h5 43. Qe2 h4 44. Qh5+ Qh7 45. Qxf5 Rxg3 46. Qf6+ R3g7 47.
Nxd6 Bxd6 48. Qxd6 e3 49. Rb2 Qf5 50. Qe5 Qg6 51. Qxe3 Re8 52. Qf2 Qf5 53. Rxb6
Qh5 54. Re1 Reg8 55. Qd4 Kh7 56. Qe4+ Kh8 57. Qe5 Qh7 58. Rg1 Rc8 59. Rbg6 Qxg6
60. Rxg6 1-0

[Event "Lichtenberger Sommer 2023"]
[Site "Berlin"]
[Date "2023.08.19"]
[Round "8.19"]
[White "Knol, Daniel"]
[Black "Stark, Ingo"]
[Result "1-0"]
[WhiteElo "1910"]
[BlackElo "2106"]
[PlyCount "73"]
[EventDate "2023.??.??"]
[WhiteTeam "Schaakvereniging Almere"]
[BlackTeam "TSG Oberschöneweide e.V."]

1. e4 c5 2. c3 d5 3. exd5 Qxd5 4. d4 Bf5 5. Nf3 Nc6 6. Na3 e6 7. Bc4 Qe4+ 8.
Qe2 cxd4 9. Nb5 Rc8 10. Qxe4 Bxe4 11. Ng5 Bg6 12. Nxe6 fxe6 13. Bxe6 Kd8 14.
Bxc8 Kxc8 15. Nxd4 Nxd4 16. cxd4 Nf6 17. O-O Bd6 18. Be3 Nd5 19. Rac1+ Kd7 20.
Bg5 h6 21. Bd2 Nf4 22. Bxf4 Bxf4 23. Rc3 Re8 24. g3 Bd2 25. Rc5 b6 26. Re5 Rc8
27. Rd1 Bb4 28. Rb5 Bd6 29. a4 Rc2 30. a5 Kc6 31. Rb3 bxa5 32. d5+ Kc5 33. Rb7
Bh5 34. Rd3 Be5 35. d6 Bxd6 36. Rxa7 Bg6 37. Rxa5+ 1-0

[Event "Lichtenberger Sommer 2023"]
[Site "Berlin"]
[Date "2023.08.19"]
[Round "8.20"]
[White "Beran, Rolf-Dietrich"]
[Black "Plump, Detlef"]
[Result "1/2-1/2"]
[WhiteElo "1899"]
[BlackElo "2089"]
[PlyCount "27"]
[EventDate "2023.??.??"]
[WhiteTeam "SG Rot-Weiß Neuenhagen"]
[BlackTeam "Bremer SG von 1877"]

1. c4 Nf6 2. Nc3 e6 3. e4 d5 4. cxd5 exd5 5. e5 Ne4 6. Nxe4 dxe4 7. Qa4+ Nc6 8.
Qxe4 Qd4 9. Qxd4 Nxd4 10. Bd3 Bf5 11. Bxf5 Nxf5 12. Nf3 O-O-O 13. b3 Bc5 14.
Bb2 1/2-1/2

[Event "Lichtenberger Sommer 2023"]
[Site "Berlin"]
[Date "2023.08.19"]
[Round "8.21"]
[White "Allgaier, Erik"]
[Black "Bruening, Wolfgang"]
[Result "0-1"]
[WhiteElo "1922"]
[BlackElo "1801"]
[PlyCount "66"]
[EventDate "2023.??.??"]
[WhiteTeam "SC Hans Clauert Trebbin"]
[BlackTeam "vereinslos"]

1. f4 d5 2. Nf3 Nf6 3. d3 g6 4. g3 Bg7 5. Bg2 O-O 6. O-O c5 7. c3 Nc6 8. Na3 b6
9. Nh4 Bb7 10. Qc2 d4 11. e4 dxe3 12. Nc4 e2 13. Qxe2 e6 14. Be3 Nd5 15. Bf2
Rc8 16. Kh1 Rc7 17. Rad1 Rd7 18. Nf3 Ba6 19. Rfe1 Bxc3 20. bxc3 Nxc3 21. Qc2
Nxd1 22. Rxd1 Nb4 23. Qc3 Rxd3 24. Rxd3 Qxd3 25. Qf6 Bxc4 26. Ne5 Qd1+ 27. Bg1
Bd5 28. h3 Bxg2+ 29. Kxg2 Nd5 30. Qg5 f6 31. Qg4 Qxg4 32. Nxg4 h5 33. Nf2 c4
0-1

[Event "Lichtenberger Sommer 2023"]
[Site "Berlin"]
[Date "2023.08.19"]
[Round "8.22"]
[White "Damm, Yannic"]
[Black "Pueschel, Werner"]
[Result "1-0"]
[WhiteElo "1873"]
[BlackElo "2054"]
[PlyCount "121"]
[EventDate "2023.??.??"]
[WhiteTeam "SC Bonn Beuel"]
[BlackTeam "vereinslos"]

1. d4 c5 2. d5 Nf6 3. Nc3 d6 4. Nf3 g6 5. e4 Nbd7 6. h3 Bg7 7. Be2 O-O 8. O-O
a6 9. a4 Qc7 10. Bf4 Qb6 11. Qd2 Re8 12. a5 Qc7 13. Rfe1 Nh5 14. Bh2 b5 15.
axb6 Nxb6 16. Ra2 Bb7 17. Rea1 Nf6 18. Bxa6 Bxa6 19. Rxa6 Rxa6 20. Rxa6 Nc4 21.
Qc1 Qb7 22. Ra2 Nd7 23. Nd1 Qb4 24. b3 Nce5 25. Bxe5 Nxe5 26. Qe3 Nxf3+ 27.
gxf3 Bd4 28. Qe2 Be5 29. Ra4 Qb8 30. Qd2 Kg7 31. Kg2 h6 32. f4 Bf6 33. Ne3 h5
34. Nc4 Qb7 35. Na5 Qb6 36. Nc6 e6 37. Ra7 e5 38. Rd7 c4 39. Rxd6 cxb3 40. cxb3
Qxb3 41. fxe5 Bxe5 42. Nxe5 Rxe5 43. Qd4 f6 44. Rd7+ Kh6 45. Qe3+ Rg5+ 46. Kf3
Qb1 47. Qe2 Qh1+ 48. Ke3 Qxh3+ 49. Qf3 Qxd7 50. Qxf6 Qa7+ 51. Kf3 Qa3+ 52. Ke2
Qa2+ 53. Ke3 Qb3+ 54. Ke2 Qb8 55. d6 Rg4 56. Qd4 Qb5+ 57. Ke3 Rg1 58. d7 Re1+
59. Kf3 Qe2+ 60. Kf4 Rd1 61. Qh8# 1-0

[Event "Lichtenberger Sommer 2023"]
[Site "Berlin"]
[Date "2023.08.19"]
[Round "8.23"]
[White "Lorenz, Veronika"]
[Black "Jesse, Timo"]
[Result "0-1"]
[WhiteElo "1668"]
[BlackElo "2034"]
[PlyCount "60"]
[EventDate "2023.??.??"]
[WhiteTeam "TSG Oberschöneweide e.V."]
[BlackTeam "ESV 1949 Eberswalde e.V."]

1. e4 e6 2. d4 d5 3. e5 c5 4. c3 Nc6 5. Nf3 Qb6 6. Bd3 Bd7 7. dxc5 Bxc5 8. O-O
a5 9. Qe2 Nge7 10. h4 h6 11. h5 a4 12. Nbd2 Qc7 13. b4 axb3 14. Nxb3 Ba3 15.
Nbd2 g5 16. g4 Bc5 17. Bb2 Ra4 18. c4 b5 19. Bc2 Rb4 20. Ba3 bxc4 21. Bxb4 Nxb4
22. Rfc1 Nxc2 23. Rxc2 Nc6 24. a3 O-O 25. Nb1 Nd4 26. Nxd4 Bxd4 27. Nc3 Rb8 28.
Re1 Rb3 29. Nb1 f6 30. exf6 Qg3+ 0-1

[Event "Lichtenberger Sommer 2023"]
[Site "Berlin"]
[Date "2023.08.19"]
[Round "8.24"]
[White "Sabrowski, Uwe"]
[Black "Bolon, Karelle"]
[Result "0-1"]
[WhiteElo "2016"]
[BlackElo "1899"]
[PlyCount "70"]
[EventDate "2023.??.??"]
[WhiteTeam "SC Friesen Lichtenberg e.V."]
[BlackTeam "SF Berlin 1903 e.V."]

1. d4 f5 2. g3 d6 3. Nf3 Nf6 4. Bg2 g6 5. O-O Bg7 6. c4 O-O 7. Nc3 c6 8. b3 Na6
9. Qc2 Qc7 10. Ba3 Rb8 11. c5 dxc5 12. dxc5 e5 13. b4 e4 14. Ng5 h6 15. Qb3+
Kh8 16. Ne6 Bxe6 17. Qxe6 Rbe8 18. Qc4 Nb8 19. Rad1 Nbd7 20. b5 Ne5 21. Qb3 Qc8
22. Rd6 Nf7 23. Rdd1 Ng5 24. Rd6 f4 25. Nd1 f3 26. exf3 exf3 27. Bxf3 Nxf3+ 28.
Qxf3 Ne4 29. Qd3 Qh3 30. Rxg6 Nxf2 31. Qd2 Nxd1 32. Rxd1 Qh5 33. Qd6 Re2 34. h4
Qf3 35. Rxh6+ Kg8 0-1

[Event "Lichtenberger Sommer 2023"]
[Site "Berlin"]
[Date "2023.08.19"]
[Round "8.25"]
[White "Witte, Ronald"]
[Black "Muskewitz, Bernd"]
[Result "1/2-1/2"]
[WhiteElo "1973"]
[BlackElo "1879"]
[PlyCount "141"]
[EventDate "2023.??.??"]
[WhiteTeam "BSV 63 Chemie Weißensee"]
[BlackTeam "SF Nordost Berlin"]

1. d4 d5 2. Nf3 c5 3. c3 e6 4. e3 Nf6 5. Nbd2 a6 6. a4 Nc6 7. Bd3 Be7 8. O-O
O-O 9. b3 b6 10. Bb2 cxd4 11. exd4 Bb7 12. Qe2 Re8 13. Ne5 Nxe5 14. dxe5 Nd7
15. f4 g6 16. c4 Nc5 17. Bc2 d4 18. Qg4 d3 19. Bd1 Ne4 20. Nxe4 Bxe4 21. Qg3
Bc5+ 22. Kh1 Bd4 23. Bxd4 Qxd4 24. Bf3 Bxf3 25. Qxf3 Rad8 26. g3 Rd7 27. Qf2
Qxf2 28. Rxf2 d2 29. Rd1 Red8 30. Kg2 a5 31. Rf3 Rd3 32. Rxd3 Rxd3 33. Kf2 Rxb3
34. Rxd2 Rb4 35. Rd6 Rxc4 36. Rxb6 Rxa4 37. Rb8+ Kg7 38. Kf3 h5 39. h4 Ra3+ 40.
Kg2 a4 41. Ra8 Ra1 42. Kf2 a3 43. Kf3 a2 44. Kg2 g5 45. hxg5 Kg6 46. Ra7 Kg7
47. Ra8 Kh7 48. Kh2 Kg6 49. Ra7 h4 50. gxh4 Kh5 51. Ra4 Kg4 52. Kg2 Kh5 53. Kh2
Rf1 54. Rxa2 Rxf4 55. Kg3 Rg4+ 56. Kf3 Rxh4 57. Rg2 Kg6 58. Ke3 Ra4 59. Rg1 Kf5
60. Rf1+ Kxe5 61. Rxf7 Rg4 62. Ra7 Rg3+ 63. Ke2 Kf5 64. Kf2 Rxg5 65. Ra3 Rg4
66. Ra5+ e5 67. Ra3 e4 68. Ra8 Rf4+ 69. Ke2 Rh4 70. Rf8+ Ke5 71. Re8+ 1/2-1/2

[Event "Lichtenberger Sommer 2023"]
[Site "Berlin"]
[Date "2023.08.19"]
[Round "8.26"]
[White "Krefenstein, Sergej"]
[Black "Duppel, Yago"]
[Result "1-0"]
[WhiteElo "2065"]
[BlackElo "1743"]
[PlyCount "67"]
[EventDate "2023.??.??"]
[WhiteTeam "TuS Makkabi Berlin e.V."]
[BlackTeam "SV Königsjäger Süd-West e.V."]

1. d4 e6 2. c4 d5 3. Nc3 Be7 4. Nf3 Nf6 5. Bg5 O-O 6. cxd5 exd5 7. e3 Bf5 8.
Qb3 b6 9. Bxf6 Bxf6 10. Qxd5 Qxd5 11. Nxd5 Bd8 12. Rc1 c6 13. Nc3 Nd7 14. Be2
h6 15. O-O Nf6 16. Ne5 Rc8 17. Bf3 c5 18. Nb5 Be4 19. Nd6 Bxf3 20. Nxc8 Bd5 21.
a3 cxd4 22. exd4 a6 23. Nc6 b5 24. Nxd8 Rxd8 25. Ne7+ Kf8 26. Nxd5 Nxd5 27. Rc6
Nf4 28. Rd1 Ne2+ 29. Kf1 Nxd4 30. Rxa6 Ke7 31. Ra7+ Kf6 32. Ra5 Rd6 33. Rxd4
Rxd4 34. Rxb5 1-0

[Event "Lichtenberger Sommer 2023"]
[Site "Berlin"]
[Date "2023.08.19"]
[Round "8.28"]
[White "Pröschild, Matthias"]
[Black "Vandre, Wolfgang"]
[Result "1/2-1/2"]
[WhiteElo "1883"]
[BlackElo "2095"]
[PlyCount "73"]
[EventDate "2023.??.??"]
[WhiteTeam "BSV 63 Chemie Weißensee"]
[BlackTeam "SC Berolina Mitte e.V."]

1. e4 c5 2. c3 Nf6 3. e5 Nd5 4. d4 cxd4 5. cxd4 Nc6 6. Nc3 Nxc3 7. bxc3 d6 8.
exd6 Qxd6 9. Bb5 Qd5 10. Bxc6+ Qxc6 11. Qf3 Bd7 12. Rb1 b6 13. Ba3 Rc8 14. Qxc6
Bxc6 15. f3 Bd5 16. Bb2 g5 17. Ne2 h5 18. Bc1 Rg8 19. h4 g4 20. Kf2 gxf3 21.
gxf3 e6 22. Bd2 Bd6 23. Rbg1 Rxg1 24. Rxg1 Be7 25. Bg5 f6 26. Bd2 Rc4 27. Nf4
Ra4 28. Nxh5 Rxa2 29. Ke3 f5 30. Nf4 Bxh4 31. Ng6 Bf2+ 32. Kxf2 Rxd2+ 33. Ke3
Rc2 34. Kd3 Rb2 35. Ne5 a5 36. c4 Rb3+ 37. Kc2 1/2-1/2

[Event "Lichtenberger Sommer 2023"]
[Site "Berlin"]
[Date "2023.08.19"]
[Round "8.29"]
[White "Heuser, Philip"]
[Black "Geldner, Gerrit"]
[Result "1-0"]
[WhiteElo "2061"]
[BlackElo "1900"]
[PlyCount "75"]
[EventDate "2023.??.??"]
[WhiteTeam "Münchener SC 1836 e.V."]
[BlackTeam "SV Roter Turm Halle"]

1. d4 d5 2. c4 e6 3. Nc3 a6 4. cxd5 exd5 5. Bf4 c6 6. e3 Bd6 7. Qf3 Ne7 8. g4
Be6 9. Bd3 c5 10. Nge2 Nbc6 11. O-O-O Rc8 12. dxc5 Bxc5 13. Kb1 Nb4 14. Be5 O-O
15. Nf4 Bd6 16. Bxg7 Bxf4 17. Bxf8 Be5 18. Bxe7 Qxe7 19. Ne2 Qd7 20. Nd4 Qa4
21. a3 Nc6 22. Bf5 Bxd4 23. Bxe6 fxe6 24. exd4 Nxd4 25. Qd3 Nb5 26. Rhe1 Rc6
27. h3 Rb6 28. Ka2 Nd6 29. Rxe6 Nc4 30. Rxb6 Nxb6 31. Qd4 Qb5 32. Qb4 Qe2 33.
Qd4 a5 34. Rd2 Qb5 35. Rd3 a4 36. Rf3 Nc4 37. Qf6 Qc5 38. Qf7+ 1-0

[Event "Lichtenberger Sommer 2023"]
[Site "Berlin"]
[Date "2023.08.19"]
[Round "8.30"]
[White "Seth, Aakrit"]
[Black "Donath, Johann"]
[Result "0-1"]
[WhiteElo "1894"]
[BlackElo "2043"]
[PlyCount "76"]
[EventDate "2023.??.??"]
[WhiteTeam "SC Weisse Dame e.V."]
[BlackTeam "BSV 63 Chemie Weißensee"]

1. d4 Nf6 2. Bf4 d5 3. e3 c5 4. c3 Nc6 5. Nf3 Nh5 6. Bg3 Nxg3 7. hxg3 Qb6 8.
Qb3 c4 9. Qc2 Bf5 10. Qc1 h6 11. Nbd2 e6 12. Be2 Be7 13. O-O O-O 14. b3 cxb3
15. axb3 Rfc8 16. Qd1 a5 17. Nh4 Bh7 18. f4 a4 19. Rxa4 Rxa4 20. bxa4 Na5 21.
Qa1 Qc7 22. c4 dxc4 23. Nxc4 Bxh4 24. gxh4 Nxc4 25. Rc1 Qa5 26. Bxc4 Qd2 27.
Qc3 Qxc3 28. Rxc3 Bb1 29. f5 Kf8 30. fxe6 Ba2 31. Kf2 Rxc4 32. Rxc4 Bxc4 33.
exf7 b6 34. e4 Kxf7 35. Ke3 Bb3 36. Kd3 Bxa4 37. Kc4 Bc2 38. e5 Bf5 0-1

[Event "Lichtenberger Sommer 2023"]
[Site "Berlin"]
[Date "2023.08.19"]
[Round "8.31"]
[White "Gmeiner, Joram"]
[Black "Braeunlin, Herbert"]
[Result "1-0"]
[WhiteElo "1847"]
[BlackElo "2040"]
[PlyCount "83"]
[EventDate "2023.??.??"]
[WhiteTeam "SF Siemensstadt"]
[BlackTeam "Bräunlin Kolb Schälicke Al"]

1. e4 c5 2. Nf3 d6 3. d4 cxd4 4. Nxd4 Nf6 5. Nc3 a6 6. h3 b5 7. Nd5 e6 8. Nxf6+
gxf6 9. a4 b4 10. Bc4 Qc7 11. Bb3 Nc6 12. Be3 Na5 13. Qd3 Rg8 14. O-O Rb8 15.
Ba2 Qb7 16. f3 Bd7 17. b3 Rc8 18. Rac1 Rc3 19. Qe2 Rg6 20. Bd2 Rc8 21. c3 bxc3
22. Rxc3 Rxc3 23. Bxc3 Nc6 24. Kh1 Nxd4 25. Bxd4 e5 26. Be3 Be6 27. Rc1 f5 28.
exf5 Bxf5 29. Bb1 Bxb1 30. Rxb1 Be7 31. a5 Bd8 32. b4 Bxa5 33. b5 d5 34. Qa2
Bc3 35. bxa6 Rxa6 36. Qc2 Qc8 37. Qxh7 Qc7 38. Rb8+ Ke7 39. Qg8 Rg6 40. Qf8+
Kf6 41. Rd8 Bb4 42. Qxb4 1-0

[Event "Lichtenberger Sommer 2023"]
[Site "Berlin"]
[Date "2023.08.19"]
[Round "8.32"]
[White "Ho, Ngoc Hai-Dang"]
[Black "Hoffmann, Kay"]
[Result "0-1"]
[WhiteElo "1782"]
[BlackElo "2036"]
[PlyCount "42"]
[EventDate "2023.??.??"]
[WhiteTeam "SV Mattnetz Berlin e.V."]
[BlackTeam "Barnimer SF im SV Sta"]

1. e4 e5 2. Nf3 Nf6 3. d4 Nxe4 4. Bd3 d5 5. Nxe5 Bd6 6. O-O O-O 7. c4 Bxe5 8.
dxe5 Nc6 9. cxd5 Qxd5 10. Re1 Bf5 11. Qe2 Ng3 12. hxg3 Bxd3 13. Nc3 Qc4 14. Qd2
Rad8 15. Qf4 Rd4 16. Qf3 Re8 17. Bf4 h6 18. Rac1 g5 19. Ne4 Rxe4 20. Red1 Be2
21. Rxc4 Bxf3 0-1

[Event "Lichtenberger Sommer 2023"]
[Site "Berlin"]
[Date "2023.08.19"]
[Round "8.34"]
[White "Skowronski, Peter"]
[Black "Steiger, Michael"]
[Result "0-1"]
[WhiteElo "1728"]
[BlackElo "1966"]
[PlyCount "26"]
[EventDate "2023.??.??"]
[WhiteTeam "vereinslos"]
[BlackTeam "SC Kreuzberg e.V."]

1. g3 c5 2. Bg2 Nc6 3. b3 e5 4. Bb2 d6 5. e3 g6 6. Ne2 Bg7 7. f4 Nge7 8. O-O
O-O 9. d3 d5 10. Nd2 Nf5 11. Rf3 e4 12. Nxe4 dxe4 13. Bxg7 exf3 0-1

[Event "Lichtenberger Sommer 2023"]
[Site "Berlin"]
[Date "2023.08.19"]
[Round "8.35"]
[White "Stärk, Elisa"]
[Black "Kapr, Klaus"]
[Result "1-0"]
[WhiteElo "1965"]
[BlackElo "1876"]
[PlyCount "67"]
[EventDate "2023.??.??"]
[WhiteTeam "SV Empor Berlin e.V."]
[BlackTeam "SC Friesen Lichtenberg e.V."]

1. d4 d5 2. Nf3 Nf6 3. g3 e6 4. Bg2 Be7 5. O-O O-O 6. c4 Nbd7 7. Qc2 c6 8. Nbd2
b6 9. e4 dxc4 10. Nxc4 Bb7 11. Bg5 Rc8 12. e5 Ne8 13. Bxe7 Qxe7 14. Nfd2 Ba6
15. Rfe1 c5 16. Qa4 Bxc4 17. Qxc4 Rd8 18. Nb3 cxd4 19. Nxd4 Nb8 20. Rac1 g6 21.
b4 Rd7 22. b5 Rc7 23. Qa4 Ng7 24. Nc6 Nxc6 25. bxc6 Rd8 26. Red1 h5 27. Rxd8+
Qxd8 28. Rd1 Qc8 29. Qh4 Qf8 30. Qd8 Qxd8 31. Rxd8+ Kh7 32. f4 Nf5 33. Rd7 Rc8
34. c7 1-0

[Event "Lichtenberger Sommer 2023"]
[Site "Berlin"]
[Date "2023.08.19"]
[Round "8.36"]
[White "Rogozenco, Teodora"]
[Black "Besombes, Romain"]
[Result "1-0"]
[WhiteElo "1952"]
[BlackElo "1867"]
[PlyCount "59"]
[EventDate "2023.??.??"]
[WhiteTeam "Hamburger SK von 1830 eV"]
[BlackTeam "SF Berlin 1903 e.V."]

1. d4 d5 2. c4 e6 3. Nc3 a6 4. Nf3 dxc4 5. Qa4+ Nc6 6. Qd1 Nb8 7. a4 Nc6 8. Bg5
Nf6 9. e4 Na5 10. e5 h6 11. Bd2 Nd7 12. Ra2 Bb4 13. Ne4 Qe7 14. Nd6+ cxd6 15.
Bxb4 Qd8 16. Bxd6 Nb6 17. Nd2 Bd7 18. Qg4 Qg5 19. Qxg5 hxg5 20. Bc7 Nxa4 21.
Bxa5 b6 22. Bb4 a5 23. Bd6 b5 24. Be2 Rc8 25. Bf3 Bc6 26. Bxc6+ Rxc6 27. O-O
Kd7 28. Ne4 g4 29. f3 gxf3 30. Rxf3 1-0